Does information and communication technology drive EU-US productivity growth differentials (Record no. 68301)

000 -LEADER
fixed length control field 00519pab a2200181 454500
008 - FIXED-LENGTH DATA ELEMENTS--GENERAL INFORMATION
fixed length control field 180718b2005 xxu||||| |||| 00| 0 eng d
100 ## - MAIN ENTRY--PERSONAL NAME
Personal name Timmer, Marcel P.
245 ## - TITLE STATEMENT
Title Does information and communication technology drive EU-US productivity growth differentials
260 ## - PUBLICATION, DISTRIBUTION, ETC.
Date of publication, distribution, etc. 2005
300 ## - PHYSICAL DESCRIPTION
Extent p.693-716.
362 ## - DATES OF PUBLICATION AND/OR SEQUENTIAL DESIGNATION
Dates of publication and/or sequential designation Oct
650 ## - SUBJECT ADDED ENTRY--TOPICAL TERM
Topical term or geographic name entry element European Union
650 ## - SUBJECT ADDED ENTRY--TOPICAL TERM
Topical term or geographic name entry element Communication technology
650 ## - SUBJECT ADDED ENTRY--TOPICAL TERM
Topical term or geographic name entry element Information technology
700 ## - ADDED ENTRY--PERSONAL NAME
Personal name Ark, Bart Van
773 ## - HOST ITEM ENTRY
Main entry heading Oxford Economic Papers
909 ## -
-- 68301
Holdings
Withdrawn status Lost status Damaged status Not for loan Permanent Location Current Location Date acquired Serial Enumeration / chronology Barcode Date last seen Price effective from Koha item type
        Indian Institute of Public Administration Indian Institute of Public Administration 2018-07-19 Volume no: 57, Issue no: 4 AR68757 2018-07-19 2018-07-19 Articles

Powered by Koha